[Event "01sen.Chess Org-Pokal -Senioren-"]
[Site "Bad Zwischenahn(30.07.-08-08)"]
[Date "2004.??.??"]
[Round "1.1"]
[White "Schlachetka, Werner"]
[Black "Oser, Thor"]
[Result "1-0"]
[WhiteElo "2066"]
[BlackElo "1604"]
[PlyCount "105"]
[EventDate "2004.08.??"]
[SourceDate "2005.04.17"]

1. e4 c6 2. d4 d5 3. f3 g6 4. c3 Bg7 5. Be3 Nd7 6. Nh3 Nb6 7. Nf2 Nf6 8. Qd2 h6
9. e5 Ng8 10. b3 Be6 11. Nd3 Qc7 12. Nc5 Bc8 13. Bd3 e6 14. a4 a5 15. O-O Ne7
16. b4 Nd7 17. Nb3 axb4 18. cxb4 b6 19. Nc3 Nf5 20. Rfc1 Qd8 21. Ne2 Nxe3 22.
Qxe3 Nb8 23. b5 Bd7 24. Nc3 h5 25. bxc6 Nxc6 26. Bb5 Bh6 27. f4 g5 28. Qf3 g4
29. Qf2 Nb4 30. Qf1 Nc6 31. Nxd5 exd5 32. Bxc6 Bxc6 33. Rxc6 Bg7 34. Rd6 Qb8
35. Qb5+ Kf8 36. Rxb6 Qe8 37. Qxd5 Rh6 38. Rxh6 Bxh6 39. Qd6+ Kg7 40. Nc5 Kh7
41. Ne4 Qe6 42. Qxe6 fxe6 43. g3 Kg6 44. a5 Bf8 45. a6 Ra7 46. Kf2 Be7 47. Nc3
Bd8 48. Nb5 Ra8 49. a7 Bb6 50. Ke3 Kg7 51. Kd3 Kf8 52. Rc1 Ke7 53. Rc6 1-0

[Event "01sen.Chess Org-Pokal -Senioren-"]
[Site "Bad Zwischenahn(30.07.-08-08)"]
[Date "2004.??.??"]
[Round "1.2"]
[White "Luecker, Horst"]
[Black "Kruek, Josef"]
[Result "1/2-1/2"]
[WhiteElo "1979"]
[BlackElo "2005"]
[PlyCount "68"]
[EventDate "2004.08.??"]
[SourceDate "2005.04.17"]

1. e4 e5 2. Nf3 Nc6 3. c3 d6 4. d4 Bg4 5. Be2 Nf6 6. dxe5 dxe5 7. Qa4 Bd6 8.
Bg5 h6 9. Bh4 O-O 10. Nbd2 a6 11. O-O g5 12. Bg3 Nh5 13. Rad1 Nf4 14. Rfe1
Nxe2+ 15. Rxe2 Qf6 16. Re3 Bc5 17. Rd3 Rad8 18. Nf1 Rxd3 19. Rxd3 Rd8 20. Rxd8+
Qxd8 21. Nxe5 Nxe5 22. Bxe5 Be2 23. Bd4 Bf8 24. Qc2 c5 25. Qxe2 cxd4 26. Qd2 d3
27. Ne3 Qb6 28. Nd5 Qb5 29. b3 Qa5 30. g3 Bg7 31. Nb4 Qe5 32. Qxd3 Qxc3 33.
Qxc3 Bxc3 34. Nd5 Bd4 1/2-1/2

[Event "01sen.Chess Org-Pokal -Senioren-"]
[Site "Bad Zwischenahn(30.07.-08-08)"]
[Date "2004.??.??"]
[Round "1.3"]
[White "Moerger, Karl-Heinz"]
[Black "Papworth, Dennis"]
[Result "0-1"]
[WhiteElo "1817"]
[BlackElo "1489"]
[PlyCount "26"]
[EventDate "2004.08.??"]
[SourceDate "2005.04.17"]

1. e4 e6 2. d4 d5 3. e5 c5 4. c3 Nc6 5. Nf3 Bd7 6. Be2 Rc8 7. O-O h6 8. Re1 g6
9. a3 Qc7 10. Bd3 cxd4 11. cxd4 Qb6 12. Bc2 Qc7 13. Nc3 Na5 0-1

[Event "01sen.Chess Org-Pokal -Senioren-"]
[Site "Bad Zwischenahn(30.07.-08-08)"]
[Date "2004.??.??"]
[Round "1.5"]
[White "Gudat, Alfons"]
[Black "Borger, Martin"]
[Result "1/2-1/2"]
[WhiteElo "1954"]
[BlackElo "1650"]
[PlyCount "48"]
[EventDate "2004.08.??"]
[SourceDate "2005.04.17"]

1. e4 e5 2. Nf3 d6 3. d4 exd4 4. Nxd4 Nf6 5. Nc3 Be7 6. Bc4 O-O 7. O-O Nc6 8.
Nxc6 bxc6 9. f3 Be6 10. Qe2 d5 11. Rd1 Bc5+ 12. Be3 Bxe3+ 13. Qxe3 Qb8 14. Bb3
dxe4 15. Nxe4 Nxe4 16. Qxe4 Qb6+ 17. Kh1 Bd5 18. Qd3 g6 19. Qd2 Bxb3 20. axb3
Rfe8 21. Re1 c5 22. f4 Qf6 23. h3 Qh4 24. Rxe8+ Rxe8 1/2-1/2

[Event "01sen.Chess Org-Pokal -Senioren-"]
[Site "Bad Zwischenahn(30.07.-08-08)"]
[Date "2004.??.??"]
[Round "1.6"]
[White "Weber, Siegfried"]
[Black "Wicklund-Hansen, Richard"]
[Result "0-1"]
[WhiteElo "1573"]
[BlackElo "2032"]
[PlyCount "40"]
[EventDate "2004.08.??"]
[SourceDate "2005.04.17"]

1. e4 Nc6 2. d4 e5 3. d5 Nce7 4. c4 Nf6 5. Nc3 Ng6 6. Bd3 Bc5 7. a3 a5 8. h3 d6
9. Nf3 O-O 10. O-O Nh5 11. Ne2 f5 12. exf5 Bxf5 13. Bxf5 Rxf5 14. Qd3 Qf6 15.
Be3 Nhf4 16. Nxf4 Nxf4 17. Bxf4 Rxf4 18. Rae1 Rf8 19. Re4 Qg6 20. Rc1 Rxf3 0-1

[Event "01sen.Chess Org-Pokal -Senioren-"]
[Site "Bad Zwischenahn(30.07.-08-08)"]
[Date "2004.??.??"]
[Round "1.7"]
[White "Budt, Karl-Heinz"]
[Black "Bullock, Alfred"]
[Result "1-0"]
[WhiteElo "2028"]
[BlackElo "1499"]
[PlyCount "27"]
[EventDate "2004.08.??"]
[SourceDate "2005.04.17"]

1. d4 b5 2. Nf3 Bb7 3. e3 a6 4. c4 bxc4 5. Bxc4 e6 6. O-O Nf6 7. Nc3 d5 8. Bd3
c5 9. b3 cxd4 10. exd4 Nc6 11. Bb2 Bd6 12. Na4 Nb4 13. Nc5 Nxd3 14. Qxd3 1-0

[Event "01sen.Chess Org-Pokal -Senioren-"]
[Site "Bad Zwischenahn(30.07.-08-08)"]
[Date "2004.??.??"]
[Round "1.8"]
[White "Schwirz, Horst"]
[Black "Johne, Siegfried"]
[Result "0-1"]
[WhiteElo "1505"]
[BlackElo "1863"]
[PlyCount "31"]
[EventDate "2004.08.??"]
[SourceDate "2005.04.17"]

1. d4 Nf6 2. Nf3 g6 3. c4 Bg7 4. Nc3 d5 5. cxd5 Nxd5 6. e4 Nxc3 7. bxc3 c5 8.
Be3 Nc6 9. Bb5 cxd4 10. cxd4 Qa5+ 11. Kf1 Qxb5+ 12. Kg1 O-O 13. a4 Qa6 14. Rb1
Bg4 15. e5 Rfd8 16. g3 0-1

[Event "01sen.Chess Org-Pokal -Senioren-"]
[Site "Bad Zwischenahn(30.07.-08-08)"]
[Date "2004.??.??"]
[Round "1.10"]
[White "Jakubowski, Karl"]
[Black "Struck, Bernd Dieter,Dr."]
[Result "0-1"]
[WhiteElo "1341"]
[BlackElo "1976"]
[PlyCount "90"]
[EventDate "2004.08.??"]
[SourceDate "2005.04.17"]

1. c4 e6 2. d3 d5 3. cxd5 exd5 4. d4 Nf6 5. Nf3 c6 6. Nc3 Bg4 7. g3 Bd6 8. Bg2
Nbd7 9. O-O O-O 10. a3 a5 11. Bd2 Qe7 12. Qe1 a4 13. Rb1 b5 14. Na2 Nb6 15. Bb4
Nc4 16. Bxd6 Qxd6 17. Nb4 Rac8 18. Nd2 Rfe8 19. e3 Bf5 20. Nxc4 dxc4 21. Rc1
Be4 22. Na6 Bd3 23. Qb4 Qxb4 24. Nxb4 Bxf1 25. Kxf1 Ne4 26. Ke2 f5 27. Rd1 Red8
28. f3 Nf6 29. e4 c5 30. Nc2 fxe4 31. fxe4 Rc7 32. Ke3 Re7 33. Kf4 cxd4 34.
Rxd4 Red7 35. Rxd7 Rxd7 36. e5 Rd2 37. Ne3 Rf2+ 38. Kg5 Nd7 39. Bd5+ Kf8 40.
Ng4 Rxb2 41. e6 Nb6 42. Be4 Ke7 43. Kf5 c3 44. Ne3 g6+ 45. Ke5 Nc4+ 0-1

[Event "01sen.Chess Org-Pokal -Senioren-"]
[Site "Bad Zwischenahn(30.07.-08-08)"]
[Date "2004.??.??"]
[Round "2.1"]
[White "Johne, Siegfried"]
[Black "Schlachetka, Werner"]
[Result "1/2-1/2"]
[WhiteElo "1863"]
[BlackElo "2066"]
[PlyCount "92"]
[EventDate "2004.08.??"]
[SourceDate "2005.04.17"]

1. e4 c5 2. Nf3 Nc6 3. Bb5 d6 4. O-O Bd7 5. Re1 g6 6. c3 Bg7 7. d4 cxd4 8. cxd4
Nf6 9. Nc3 O-O 10. Bg5 h6 11. Bxf6 Bxf6 12. Qd2 Bg7 13. Rad1 a6 14. Bxc6 Bxc6
15. d5 Bd7 16. h3 Qc7 17. Nd4 Rac8 18. Kh1 Qb6 19. Nce2 Rc4 20. b3 Rc7 21. Rc1
Rfc8 22. Rxc7 Rxc7 23. f4 Bb5 24. Nxb5 Qxb5 25. Nd4 Bxd4 26. Qxd4 Rc2 27. e5
Qc5 28. Qxc5 Rxc5 29. exd6 exd6 30. Re7 b6 31. Rb7 Rb5 32. Kg1 Kf8 33. Kf2 Rxd5
34. Rxb6 Rd2+ 35. Kf3 Rxa2 36. Rxd6 Ke7 37. Rd3 f5 38. g4 Rh2 39. Kg3 Rb2 40.
gxf5 gxf5 41. Kh4 Rf2 42. Rd4 Rf3 43. Ra4 a5 44. Rxa5 Rxf4+ 45. Kg3 Rb4 46.
Rxf5 Rxb3+ 1/2-1/2

[Event "01sen.Chess Org-Pokal -Senioren-"]
[Site "Bad Zwischenahn(30.07.-08-08)"]
[Date "2004.??.??"]
[Round "2.2"]
[White "Wicklund-Hansen, Richard"]
[Black "Hempel, Guenther"]
[Result "1-0"]
[WhiteElo "2032"]
[BlackElo "1660"]
[PlyCount "55"]
[EventDate "2004.08.??"]
[SourceDate "2005.04.17"]

1. Nf3 Nf6 2. g3 g6 3. Bg2 Bg7 4. d3 d5 5. O-O c5 6. Nbd2 Nc6 7. e4 dxe4 8.
dxe4 Bg4 9. c3 O-O 10. Re1 Qc7 11. Qa4 Bd7 12. Qc2 e5 13. Nf1 Ne7 14. Bg5 h6
15. Bxf6 Bxf6 16. Ne3 Be6 17. c4 Kg7 18. Rad1 Rad8 19. Nd5 Qb8 20. Nxf6 Kxf6
21. Nxe5 Kg7 22. f4 f6 23. Nf3 Nc6 24. b3 Nb4 25. Qe2 Rf7 26. Nh4 Re7 27. Nxg6
Kxg6 28. f5+ 1-0

[Event "01sen.Chess Org-Pokal -Senioren-"]
[Site "Bad Zwischenahn(30.07.-08-08)"]
[Date "2004.??.??"]
[Round "2.3"]
[White "Struck, Bernd Dieter,Dr."]
[Black "Budt, Karl-Heinz"]
[Result "1/2-1/2"]
[WhiteElo "1976"]
[BlackElo "2028"]
[PlyCount "115"]
[EventDate "2004.08.??"]
[SourceDate "2005.04.17"]

1. d4 Nf6 2. Bg5 e6 3. Nd2 d5 4. e3 Be7 5. c3 O-O 6. Bd3 Nbd7 7. f4 b6 8. Ngf3
Bb7 9. Qc2 Ng4 10. Ke2 f5 11. Bxe7 Qxe7 12. Ne5 Ndxe5 13. dxe5 Qh4 14. Raf1 d4
15. Nf3 Bxf3+ 16. Rxf3 Nxe3 17. Qb3 Nd5 18. g3 Qh3 19. Rf2 dxc3 20. bxc3 Rad8
21. c4 Qg4+ 22. Kd2 Ne7 23. Ke3 Rd7 24. Be2 Qg6 25. Rd1 Rfd8 26. Rxd7 Rxd7 27.
Bf3 Qe8 28. Rd2 Rxd2 29. Kxd2 Qd7+ 30. Ke3 Kf7 31. a3 Nc6 32. Qc3 Na5 33. c5
Qe7 34. c6 Qxa3 35. Qxa3 Nc4+ 36. Kd4 Nxa3 37. Be2 Nc2+ 38. Kc3 Ne3 39. Ba6
Nd5+ 40. Kc4 Ne7 41. Bb5 a5 42. Kb3 Nc8 43. Be2 Na7 44. Bf3 Ke7 45. Kc4 b5+ 46.
Kc5 b4 47. Bd1 g6 48. Bb3 h6 49. h4 Kf7 50. Bd1 Nc8 51. Kb5 Ne7 52. Kxa5 Nxc6+
53. Kb5 Ne7 54. Kxb4 Nd5+ 55. Kc5 Ne3 56. Be2 Ke7 57. Kd4 Ng4 58. Bb5 1/2-1/2

[Event "01sen.Chess Org-Pokal -Senioren-"]
[Site "Bad Zwischenahn(30.07.-08-08)"]
[Date "2004.??.??"]
[Round "2.4"]
[White "Papworth, Dennis"]
[Black "Gudat, Alfons"]
[Result "0-1"]
[WhiteElo "1489"]
[BlackElo "1954"]
[PlyCount "54"]
[EventDate "2004.08.??"]
[SourceDate "2005.04.17"]

1. Nf3 Nf6 2. b3 d6 3. g3 e5 4. Bg2 Be7 5. O-O O-O 6. d3 c5 7. Bb2 Nc6 8. Nbd2
Rb8 9. a4 a6 10. Nc4 b5 11. axb5 axb5 12. Ncd2 Bb7 13. e4 Qc7 14. Re1 Ra8 15.
Nf1 Nd4 16. Ne3 g6 17. Qd2 Nh5 18. Rxa8 Rxa8 19. Rb1 Ra2 20. Qd1 h6 21. Ra1
Rxa1 22. Bxa1 Ba8 23. Kf1 Qa7 24. Qc1 f6 25. Nd2 f5 26. Nd5 Bxd5 27. exd5 Nxc2
0-1

[Event "01sen.Chess Org-Pokal -Senioren-"]
[Site "Bad Zwischenahn(30.07.-08-08)"]
[Date "2004.??.??"]
[Round "2.5"]
[White "Kruek, Josef"]
[Black "Freder, Heinrich"]
[Result "1-0"]
[WhiteElo "2005"]
[BlackElo "1849"]
[PlyCount "33"]
[EventDate "2004.08.??"]
[SourceDate "2005.04.17"]

1. e4 e5 2. Bc4 d6 3. d3 c6 4. Nc3 Be7 5. f4 Nf6 6. Nf3 Nbd7 7. O-O O-O 8. a4
exf4 9. Ne2 Ne5 10. Bb3 Nxf3+ 11. Rxf3 d5 12. e5 Ng4 13. Bxf4 f6 14. d4 fxe5
15. dxe5 Bg5 16. Bxg5 Qxg5 17. Bxd5+ 1-0

[Event "01sen.Chess Org-Pokal -Senioren-"]
[Site "Bad Zwischenahn(30.07.-08-08)"]
[Date "2004.??.??"]
[Round "2.6"]
[White "Ziltener, Werner"]
[Black "Luecker, Horst"]
[Result "0-1"]
[WhiteElo "1818"]
[BlackElo "1979"]
[PlyCount "62"]
[EventDate "2004.08.??"]
[SourceDate "2005.04.17"]

1. Nf3 e6 2. g3 f5 3. c4 Nf6 4. Bg2 Be7 5. O-O O-O 6. Nc3 d5 7. d4 c6 8. Ne5
Nbd7 9. f4 Nxe5 10. fxe5 Ne4 11. cxd5 exd5 12. Qb3 Qb6 13. Qxb6 axb6 14. Nxe4
fxe4 15. Rxf8+ Bxf8 16. h3 Be7 17. a3 Bd7 18. Be3 Rf8 19. Rf1 Rxf1+ 20. Bxf1 c5
21. Kh2 Kf7 22. g4 Bb5 23. Kg3 h6 24. h4 Ke6 25. Kh3 cxd4 26. Bf4 g5 27. hxg5
Bxg5 28. Kg3 d3 29. exd3 exd3 30. a4 Bxf4+ 31. Kxf4 d2 0-1

[Event "01sen.Chess Org-Pokal -Senioren-"]
[Site "Bad Zwischenahn(30.07.-08-08)"]
[Date "2004.??.??"]
[Round "2.7"]
[White "Borger, Martin"]
[Black "Moerger, Karl-Heinz"]
[Result "0-1"]
[WhiteElo "1650"]
[BlackElo "1817"]
[PlyCount "30"]
[EventDate "2004.08.??"]
[SourceDate "2005.04.17"]

1. e4 e6 2. d4 d5 3. exd5 exd5 4. Qf3 Nf6 5. h3 Be7 6. c3 Nbd7 7. Bd3 b6 8. Ne2
Bb7 9. O-O O-O 10. Ng3 Re8 11. Bf4 g6 12. Nd2 Nf8 13. Rad1 Ne6 14. Bh6 Bf8 15.
Be3 Ng7 0-1

[Event "01sen.Chess Org-Pokal -Senioren-"]
[Site "Bad Zwischenahn(30.07.-08-08)"]
[Date "2004.??.??"]
[Round "2.8"]
[White "Oser, Thor"]
[Black "Schwirz, Horst"]
[Result "1-0"]
[WhiteElo "1604"]
[BlackElo "1505"]
[PlyCount "81"]
[EventDate "2004.08.??"]
[SourceDate "2005.04.17"]

1. e4 e5 2. Nf3 Nc6 3. Bc4 Nf6 4. d3 Bc5 5. Nc3 h6 6. a3 a6 7. b4 Bd4 8. Nxd4
Nxd4 9. Nd5 d6 10. c3 Nxd5 11. cxd4 Nf6 12. Bb2 Qe7 13. O-O Bd7 14. Qf3 O-O 15.
Bb3 a5 16. dxe5 dxe5 17. Bc3 a4 18. Bc2 Bb5 19. Rfd1 Nd7 20. d4 Ra6 21. dxe5
Nxe5 22. Qg3 Ng6 23. e5 Rc6 24. Be4 Re6 25. f4 Rb6 26. Bd4 Qh4 27. Bxb6 cxb6
28. Qxh4 Nxh4 29. Bxb7 Nf5 30. Kf2 Rb8 31. Be4 Ne7 32. Rac1 f5 33. Bf3 Kf7 34.
Rc7 Ke8 35. Rd6 g6 36. g3 Kf8 37. h3 Ke8 38. g4 Kf8 39. gxf5 Nxf5 40. Rf6+ Ke8
41. Rxg6 1-0

[Event "01sen.Chess Org-Pokal -Senioren-"]
[Site "Bad Zwischenahn(30.07.-08-08)"]
[Date "2004.??.??"]
[Round "2.9"]
[White "Bullock, Alfred"]
[Black "Weber, Siegfried"]
[Result "1/2-1/2"]
[WhiteElo "1499"]
[BlackElo "1573"]
[PlyCount "55"]
[EventDate "2004.08.??"]
[SourceDate "2005.04.17"]

1. d4 d6 2. Nf3 Nd7 3. Bf4 Ngf6 4. Nc3 Nh5 5. e3 Nxf4 6. exf4 Nf6 7. Be2 e6 8.
O-O Be7 9. Re1 O-O 10. Qd2 c6 11. a4 a5 12. Bd3 g6 13. Ne4 Qc7 14. c3 c5 15. b3
Nxe4 16. Bxe4 Bf6 17. Rac1 Rb8 18. c4 b6 19. d5 exd5 20. Bxd5 Bf5 21. Re3 Rbe8
22. Rce1 Rxe3 23. Rxe3 h6 24. h3 Qd8 25. Be4 Bxe4 26. Rxe4 Qd7 27. Qd5 Qc7 28.
g4 1/2-1/2

[Event "01sen.Chess Org-Pokal -Senioren-"]
[Site "Bad Zwischenahn(30.07.-08-08)"]
[Date "2004.??.??"]
[Round "3.1"]
[White "Schlachetka, Werner"]
[Black "Wicklund-Hansen, Richard"]
[Result "1/2-1/2"]
[WhiteElo "2066"]
[BlackElo "2032"]
[PlyCount "50"]
[EventDate "2004.08.??"]
[SourceDate "2005.04.17"]

1. e4 Nc6 2. Nc3 Nf6 3. g3 d5 4. exd5 Nxd5 5. Bg2 Nxc3 6. bxc3 e5 7. d3 Bd6 8.
Ne2 Bg4 9. f3 Bf5 10. Be3 Qd7 11. g4 Bg6 12. Ng3 Ne7 13. h4 f5 14. h5 Bf7 15.
Nxf5 Nxf5 16. gxf5 Qxf5 17. h6 g6 18. c4 Bb4+ 19. Kf2 b6 20. Rb1 a5 21. Qc1 O-O
22. Bh3 Qf6 23. Bg5 Bc5+ 24. Kg2 Qc6 25. Rf1 Be6 1/2-1/2

[Event "01sen.Chess Org-Pokal -Senioren-"]
[Site "Bad Zwischenahn(30.07.-08-08)"]
[Date "2004.??.??"]
[Round "3.2"]
[White "Budt, Karl-Heinz"]
[Black "Kruek, Josef"]
[Result "1-0"]
[WhiteElo "2028"]
[BlackElo "2005"]
[PlyCount "66"]
[EventDate "2004.08.??"]
[SourceDate "2005.04.17"]

1. d4 Nf6 2. Nf3 e6 3. c4 b6 4. e3 Bb7 5. Bd3 d6 6. Nc3 Be7 7. O-O Nbd7 8. e4
e5 9. d5 Nc5 10. Bc2 a5 11. b3 O-O 12. Ne1 Bc8 13. f3 Bd7 14. Be3 Nh5 15. Qd2
Bf6 16. Nd3 Nxd3 17. Bxd3 Nf4 18. a3 Nxd3 19. Qxd3 Be7 20. b4 axb4 21. axb4 f5
22. exf5 Bxf5 23. Ne4 Qe8 24. b5 Qg6 25. Ra6 h5 26. Rfa1 Rac8 27. Ra7 h4 28.
Bxb6 h3 29. g3 Bd8 30. Bf2 Bxe4 31. Qxe4 Qh6 32. Rd1 Qf6 33. Ra3 Be7 1-0

[Event "01sen.Chess Org-Pokal -Senioren-"]
[Site "Bad Zwischenahn(30.07.-08-08)"]
[Date "2004.??.??"]
[Round "3.3"]
[White "Gudat, Alfons"]
[Black "Struck, Bernd Dieter,Dr."]
[Result "0-1"]
[WhiteElo "1954"]
[BlackElo "1976"]
[PlyCount "68"]
[EventDate "2004.08.??"]
[SourceDate "2005.04.17"]

1. e4 c6 2. d4 d5 3. e5 c5 4. dxc5 e6 5. Be3 Qc7 6. Nf3 Bxc5 7. Bxc5 Qxc5 8.
Nbd2 Ne7 9. Bd3 Nbc6 10. O-O Ng6 11. Re1 Nf4 12. Bf1 Bd7 13. c3 a6 14. g3 Ng6
15. a4 O-O 16. Bd3 f6 17. Bxg6 hxg6 18. Nb3 Qa7 19. Nbd4 Rae8 20. Qd3 Kf7 21.
b4 Qb8 22. Nxc6 Bxc6 23. b5 axb5 24. axb5 Bd7 25. c4 Rd8 26. cxd5 exd5 27.
Qxd5+ Be6 28. Qc5 Rfe8 29. Qb6 Rd3 30. Ra7 Bd5 31. e6+ Kg8 32. Nd4 Qe5 33. Nc2
Qc3 34. Ra2 Bxa2 0-1

[Event "01sen.Chess Org-Pokal -Senioren-"]
[Site "Bad Zwischenahn(30.07.-08-08)"]
[Date "2004.??.??"]
[Round "3.4"]
[White "Luecker, Horst"]
[Black "Johne, Siegfried"]
[Result "1/2-1/2"]
[WhiteElo "1979"]
[BlackElo "1863"]
[PlyCount "84"]
[EventDate "2004.08.??"]
[SourceDate "2005.04.17"]

1. e4 c5 2. Nc3 e6 3. g3 Nc6 4. Bg2 Nf6 5. f4 d5 6. d3 Be7 7. e5 Nd7 8. Nf3 b5
9. a4 b4 10. Nb1 Bb7 11. Be3 d4 12. Bf2 Nb6 13. Nbd2 Nd5 14. Nc4 Na5 15. Nxa5
Qxa5 16. O-O Rb8 17. Nd2 Qc7 18. Re1 O-O 19. b3 Kh8 20. Ne4 Rg8 21. Qh5 g6 22.
Qh6 Bf8 23. Qh3 Be7 24. Qh6 Qd8 25. Re2 Qf8 26. Qxf8 Rgxf8 27. Rc1 Ba8 28. Ree1
h5 29. h4 Kg7 30. Kh2 Rbc8 31. Nd2 Bc6 32. Nc4 Nc3 33. Bxc6 Rxc6 34. Kg2 Nd5
35. Re2 Bd8 36. Be1 Bc7 37. Bd2 Re8 38. Rce1 Ne7 39. Bc1 Nf5 40. Bd2 Nh6 41.
Bc1 Ng4 42. Bd2 Rd8 1/2-1/2

[Event "01sen.Chess Org-Pokal -Senioren-"]
[Site "Bad Zwischenahn(30.07.-08-08)"]
[Date "2004.??.??"]
[Round "3.6"]
[White "Hempel, Guenther"]
[Black "Papworth, Dennis"]
[Result "1-0"]
[WhiteElo "1660"]
[BlackElo "1489"]
[PlyCount "29"]
[EventDate "2004.08.??"]
[SourceDate "2005.04.17"]

1. Nf3 e6 2. c4 Be7 3. d4 c6 4. Nc3 Nf6 5. e4 d5 6. cxd5 exd5 7. e5 Ne4 8. Qc2
f5 9. Bd3 O-O 10. Qb3 Kh8 11. h4 h6 12. Ne2 Qa5+ 13. Bd2 Bb4 14. Bxb4 Qd8 15.
Bxf8 1-0

[Event "01sen.Chess Org-Pokal -Senioren-"]
[Site "Bad Zwischenahn(30.07.-08-08)"]
[Date "2004.??.??"]
[Round "3.7"]
[White "Weber, Siegfried"]
[Black "Ziltener, Werner"]
[Result "0-1"]
[WhiteElo "1573"]
[BlackElo "1818"]
[PlyCount "82"]
[EventDate "2004.08.??"]
[SourceDate "2005.04.17"]

1. e4 e5 2. Nf3 Nc6 3. Bc4 Be7 4. d4 d6 5. dxe5 dxe5 6. Qxd8+ Bxd8 7. O-O Nf6
8. Nc3 O-O 9. Re1 Bg4 10. Bd3 h6 11. Be3 Be7 12. Nd5 Nxd5 13. exd5 Bxf3 14.
gxf3 Nb4 15. Red1 Nxd5 16. Be4 Nxe3 17. fxe3 Bc5 18. Kf2 c6 19. Ke2 f5 20. Bd3
b5 21. a4 e4 22. fxe4 fxe4 23. Bxe4 Rae8 24. Bxc6 Rxe3+ 25. Kd2 Rf2+ 26. Kc1
Ree2 27. Bd5+ Kh7 28. Bb3 b4 29. Kb1 Rxh2 30. Ka2 Rd2 31. Rxd2 Rxd2 32. Re1 Bd4
33. Re8 h5 34. Ra8 Bc5 35. Rc8 Bb6 36. Rb8 Kg6 37. Bc4 Rd8 38. Rb7 h4 39. Kb3
h3 40. Bd3+ Rxd3+ 41. cxd3 h2 0-1

[Event "01sen.Chess Org-Pokal -Senioren-"]
[Site "Bad Zwischenahn(30.07.-08-08)"]
[Date "2004.??.??"]
[Round "3.9"]
[White "Schwirz, Horst"]
[Black "Bullock, Alfred"]
[Result "1-0"]
[WhiteElo "1505"]
[BlackElo "1499"]
[PlyCount "39"]
[EventDate "2004.08.??"]
[SourceDate "2005.04.17"]

1. d4 d5 2. Nf3 Nf6 3. e3 Bf5 4. Bd3 Bxd3 5. Qxd3 c6 6. O-O Nbd7 7. Nbd2 Qc7 8.
e4 dxe4 9. Nxe4 Nxe4 10. Qxe4 Nf6 11. Qe2 e6 12. Bg5 Be7 13. c4 O-O 14. Rad1
Rad8 15. Ne5 h6 16. Bf4 Bd6 17. Rd3 Nd7 18. Rg3 Kh7 19. c5 Nxe5 20. cxd6 1-0

[Event "01sen.Chess Org-Pokal -Senioren-"]
[Site "Bad Zwischenahn(30.07.-08-08)"]
[Date "2004.??.??"]
[Round "4.1"]
[White "Wicklund-Hansen, Richard"]
[Black "Budt, Karl-Heinz"]
[Result "1/2-1/2"]
[WhiteElo "2032"]
[BlackElo "2028"]
[PlyCount "33"]
[EventDate "2004.08.??"]
[SourceDate "2005.04.17"]

1. Nf3 Nf6 2. g3 b6 3. Bg2 Bb7 4. d3 e6 5. e4 d6 6. O-O Be7 7. b3 O-O 8. Bb2 c5
9. Nbd2 Nc6 10. a4 Qc7 11. Re1 Nd7 12. Nc4 Nde5 13. Ne3 Bf6 14. Nxe5 Bxe5 15.
Bxe5 dxe5 16. Nc4 Rac8 17. Qd2 1/2-1/2

[Event "01sen.Chess Org-Pokal -Senioren-"]
[Site "Bad Zwischenahn(30.07.-08-08)"]
[Date "2004.??.??"]
[Round "4.2"]
[White "Struck, Bernd Dieter,Dr."]
[Black "Hempel, Guenther"]
[Result "1-0"]
[WhiteElo "1976"]
[BlackElo "1660"]
[PlyCount "51"]
[EventDate "2004.08.??"]
[SourceDate "2005.04.17"]

1. d4 d5 2. Nc3 e6 3. e4 Bb4 4. e5 c5 5. a3 Bxc3+ 6. bxc3 c4 7. Qg4 Kf8 8. Nh3
Qa5 9. Qg3 Qa4 10. Ra2 Ne7 11. Be2 Nf5 12. Qf4 Qa5 13. Bd2 h6 14. g4 Nh4 15.
O-O Ng6 16. Qg3 Qd8 17. Nf4 Nxf4 18. Bxf4 g5 19. Bd2 Kg7 20. f4 Nd7 21. Raa1 f6
22. exf6+ Nxf6 23. fxg5 Ne4 24. gxh6+ Kg6 25. Qe5 Rh7 26. Qh5# 1-0

[Event "01sen.Chess Org-Pokal -Senioren-"]
[Site "Bad Zwischenahn(30.07.-08-08)"]
[Date "2004.??.??"]
[Round "4.3"]
[White "Luecker, Horst"]
[Black "Schlachetka, Werner"]
[Result "1/2-1/2"]
[WhiteElo "1979"]
[BlackElo "2066"]
[PlyCount "75"]
[EventDate "2004.08.??"]
[SourceDate "2005.04.17"]

1. e4 c5 2. Nc3 Nc6 3. g3 g6 4. Bg2 Bg7 5. f4 d6 6. d3 Nh6 7. Nf3 O-O 8. O-O
Bd7 9. Nd5 e6 10. Ne3 b5 11. c3 Rb8 12. Bd2 b4 13. Rb1 Qa5 14. Nc4 Qa6 15. Qc2
Ne7 16. Rfe1 Bb5 17. Bf1 Rfe8 18. Ne3 bxc3 19. bxc3 Ba4 20. Qc1 Bc6 21. Nc4
Rxb1 22. Qxb1 Bb5 23. Nxd6 Qxd6 24. Qxb5 Rb8 25. Qc4 Nc6 26. Be3 Bf8 27. h3 Na5
28. Qa4 Qc7 29. Ne5 Rb7 30. Kf2 f6 31. Ng4 Nxg4+ 32. hxg4 e5 33. Qe8 Kg7 34.
fxe5 fxe5 35. Bh6+ Kxh6 36. Qxf8+ Kg5 37. Be2 Rb6 38. Ke3 1/2-1/2

[Event "01sen.Chess Org-Pokal -Senioren-"]
[Site "Bad Zwischenahn(30.07.-08-08)"]
[Date "2004.??.??"]
[Round "4.4"]
[White "Johne, Siegfried"]
[Black "Freder, Heinrich"]
[Result "1-0"]
[WhiteElo "1863"]
[BlackElo "1849"]
[PlyCount "89"]
[EventDate "2004.08.??"]
[SourceDate "2005.04.17"]

1. e4 e5 2. Nf3 d6 3. d4 Nd7 4. c4 Ngf6 5. Nc3 c6 6. Bd3 Be7 7. h3 O-O 8. Be3
Re8 9. O-O b6 10. Nd2 exd4 11. Bxd4 Bf8 12. Re1 Ne5 13. Bf1 c5 14. Be3 Bb7 15.
Bg5 h6 16. Bh4 g5 17. Bg3 Ng6 18. f3 a6 19. Bd3 Qd7 20. Nf1 Nh5 21. Qd2 Nhf4
22. Ne3 Nxd3 23. Qxd3 Ne5 24. Bxe5 Rxe5 25. Ncd5 Bxd5 26. Nxd5 Qd8 27. Ne3 Qd7
28. Nf5 Qe6 29. Rad1 Rb8 30. a4 a5 31. b3 Re8 32. Kf2 Kh7 33. Re3 h5 34. g3 Qf6
35. Rde1 Rd8 36. h4 g4 37. f4 Ree8 38. Rd1 Rc8 39. Qc2 Kg8 40. Rd5 Qg6 41. Nxd6
Kh7 42. Rg5 Qe6 43. Nxe8 Rxe8 44. Qd3 Bh6 45. e5+ 1-0

[Event "01sen.Chess Org-Pokal -Senioren-"]
[Site "Bad Zwischenahn(30.07.-08-08)"]
[Date "2004.??.??"]
[Round "4.5"]
[White "Kruek, Josef"]
[Black "Moerger, Karl-Heinz"]
[Result "1-0"]
[WhiteElo "2005"]
[BlackElo "1817"]
[PlyCount "97"]
[EventDate "2004.08.??"]
[SourceDate "2005.04.17"]

1. e4 e6 2. d4 d5 3. Nd2 Nf6 4. e5 Nfd7 5. Bd3 c5 6. c3 Nc6 7. Ne2 Qb6 8. Nf3
cxd4 9. cxd4 Bb4+ 10. Bd2 Bxd2+ 11. Qxd2 Qb4 12. a3 Qxd2+ 13. Kxd2 f6 14. exf6
Nxf6 15. b4 a6 16. Rac1 Bd7 17. Nc3 b5 18. Bb1 O-O 19. Rhf1 Rfc8 20. Rfe1 Re8
21. Ba2 Kh8 22. h3 Nh5 23. Re3 Nf4 24. g3 Nxh3 25. Ke2 e5 26. Bxd5 Nxd4+ 27.
Nxd4 exd4 28. Rxe8+ Rxe8+ 29. Ne4 Bf5 30. Kd3 Bg6 31. f3 Nf2+ 32. Kxd4 Nxe4 33.
Bxe4 Rd8+ 34. Bd5 Bf7 35. Rc5 g6 36. Ke5 Rd7 37. Bxf7 Rxf7 38. Rc6 Ra7 39. Kd6
Ra8 40. Kc7 g5 41. Kb7 Rd8 42. Rc8 Rxc8 43. Kxc8 Kg7 44. g4 Kg6 45. Kb7 h5 46.
gxh5+ Kxh5 47. Kxa6 Kh4 48. Kxb5 Kg3 49. a4 1-0